000 00395nam a2200121 4500
999 _c15184
_d15184
008 200305b ||||| |||| 00| 0 eng d
100 _941949
_aValencia, Czeriza.
_eAuthor.
245 _aExports weaken anew in February; trade gap widens/
_cCzeriza Valencia.
260 _aPhilippines;
_bThe Philippine Star,
_c©2019.
300 _apage B3;
_c29.5cm.
650 _aExport.
_941950
942 _2ddc
_cPER